000 00865nam a2200253Ia 4500
003 OSt
005 20220923222144.0
006 a|||||r|||| 00| 0
007 ta
008 220922b |||||||| |||| 00| 0 hin d
024 _a203,463
037 _cTextual
040 _aARTS
_cARTS
_bhin
041 _2hin
_ahin
082 _aO157,3N12,CA, 152M1
100 _aमित्र, विमल; बिहारी, रसिक, अनु.
_9160242
245 0 _aचरित्र
246 _aCharitra
260 _aदिल्ली
_b राजपाल एंड सन्स
_c1981
300 _a155पृ.
_ccm.
650 _aबंगाली साहित्य
_9156264
942 _hO157,3N12,CA, 152M1
_cTEXL
_2CC
999 _c354215
_d354215